Statistics for Alliteration by Letter - T

Click here to take the quiz!

General Stats

  • This quiz has been taken 37,804 times
    (13,879 since last reset)
  • The average score is 12 of 18

Answer Stats

Clue Answer % Correct
Ping pongTable Tennis
98%
Sound of a clockTick Tock
94%
Hour for beverages and
snacks in England
Tea Time
90%
Visiting the future?Time Travel
89%
Something that will tie you
in knots trying to say
Tongue Twister
84%
Plastic surgery to tighten the abdomenTummy Tuck
75%
Toddler's fit of rageTemper Tantrum
75%
"What's Love Got to Do With It" singerTina Turner
73%
Multiplication student's referenceTimes Table
71%
Small sick kid from "A Christmas Carol"Tiny Tim
70%
Nickname for HollywoodTinseltown
60%
Piece of laboratory glasswareTest Tube
58%
SeesawTeeter Totter
54%
Place that ensnares travelers?Tourist Trap
53%
Whopper; yarn; canard; exaggerationTall Tale
45%
Unsportsmanlike utterance.
Or, sanitation workers' discussion
Trash Talk
43%
Financial paper that was turned to
confetti and thrown on parades
Ticker Tape
39%
Also called a policy instituteThink Tank
28%

Score Distribution

Percentile by Number Answered

Percent of People with Each Score

Your Score History

You have not taken this quiz since the last reset